| 000 | 01081nam a2200337 a 4500 | ||
|---|---|---|---|
| 001 | 000113304 | ||
| 003 | CHAP | ||
| 005 | 20220329144348.0 | ||
| 008 | 170602s2013 mx a |r| ||||||spa d | ||
| 010 | _a109765 | ||
| 011 | _a110737 | ||
| 020 | _a9786071616593 | ||
| 040 | _cCHAP | ||
| 082 | 0 | 4 |
_a595.7 _bA59 |
| 245 | 0 | 0 |
_aAnimales al natural 4 : _binsectos bajo la lupa / _ccoordinado por Syuji Okajima. |
| 260 |
_aMéxico, D.F. : _bFondo de Cultura Económica, _c2013. |
||
| 300 |
_a48 p. : _bil. |
||
| 490 | _aLos especiales de ciencia | ||
| 590 |
_aBATCH-UPD _b05 _c20170602 _lUCH01 _h1414 |
||
| 590 |
_aE11695DGD _b10 _c20170604 _lUCH01 _h1007 |
||
| 590 |
_aE5765TAJ _b05 _c20170602 _lUCH01 _h1413 |
||
| 590 |
_aE5765TAJ _b05 _c20180409 _lUCH01 _h1238 |
||
| 590 |
_aE5765TAJ _b05 _c20180409 _lUCH01 _h1239 |
||
| 650 | 1 | 4 |
_aAnimales _vObras ilustradas. _9132465 |
| 650 | 1 | 4 |
_aInsectos _xHábitos y conducta _vObras ilustradas. _9132466 |
| 700 | 1 |
_aOkajima, Syuji _ecoord. _9132464 |
|
| 830 | 4 |
_aLos especiales de ciencia _9132467 |
|
| 901 | _aBK | ||
| 942 | _cLIBRO | ||
| 942 | _n0 | ||
| 999 |
_c109765 _d109765 |
||